Extremely Hard General Knowledge #36 - Statistics

General Stats
  • This quiz has been taken 412 times
  • The average score is 4 of 20
Answer Stats
Hint Answer % Correct
In medicine, whose role is to perform eye tests and prescribe glasses? Optometrist
56%
Put these metre prefixes in order going from longest to shortest: Nano, Milli, Pico, Micro Milli Micro Nano Pico
55%
Who released the song "99 Luftballons" in 1983 and an English-language version "99 Red Balloons" in 1984? Nena
53%
In which year was the eruption of Mt. Vesuvius that destroyed the city of Pompeii? {79} A. D.
40%
Which Norwegian composer, born in 1843, produced the musical piece "In the Hall of the Mountain King"? Edvard Grieg
39%
What is the second largest city in Venezuela? Maracaibo
23%
What was the name of Robert Carlyle's character in Trainspotting (1996)? Begbie
20%
At the London 2012 Olympics, which event took place at Lord's Cricket Ground? Archery
15%
Who sang "You Know My Name", the theme tune to Casino Royale? Chris Cornell
14%
Which UK city's cathedral was the highest until it was blown down in 1584? Lincoln
14%
What is the name of the body of water between Hampshire and the Isle of Wight? Strait of {Solent}
13%
What was the surname of the Italian painter known as Raphael? Sanzio
9%
In Norse mythology, what was the name of Odin's 8-legged horse? Sleipnir
9%
Which Czech tennis player won the Women's French Open in 2021? Barbora Krejčíková
7%
In which city was the 2019 Climate Change Conference held? Madrid
7%
What is the name of the Italian dish of veal wrapped in ham with a sage leaf attached? Saltimbocca
7%
Which Scot won the World's Strongest Man title in 2021, 2022 and 2024? Tom Stoltman
7%
Which Swiss-German director won the Best Director Oscar for Mrs. Miniver (1942), The Best Years of Our Lives (1946) and Ben-Hur (1959)? William Wyler
7%
What is the Latin term used when the Vatican is without a Pope? Sede vacante
5%
Which man became known as the 'Witchfinder General' due to his witch hunting in 17th century East Anglia? Matthew Hopkins
3%
No matching quizzes found
Score Distribution
Percent of People with Each Score
Percentile by Number Answered
Your Score History
You have not taken this quiz